| 000 | 00689nam a2200205 u 4500 | ||
|---|---|---|---|
| 005 | 20210223132844.0 | ||
| 008 | 160302s1999 mx r 000 0 spa d | ||
| 020 | _a9684933541 | ||
| 035 | _aUPN01000208637 | ||
| 049 | _aCG | ||
| 050 | 4 |
_aF1256 _bL4.2 |
|
| 100 | 1 |
_aLevario Turcott, Marco, _d1966- _938779 |
|
| 245 | 1 | 0 |
_aChiapas : _bla guerra en el papel / _cMarco Levario Turcott. |
| 260 |
_aMéxico : _bCal y arena, _c1999. |
||
| 300 | _a279 p. | ||
| 650 | 4 |
_aPRENSA - _zMEXICO - _xHISTORIA - _ySIGLO XX _924816 |
|
| 650 | 4 |
_aPERIODISMO - _zMEXICO - _xHISTORIA - _ySIGLO XX _95617 |
|
| 650 | 4 |
_aMEDIOS MASIVOS DE COMUNICACION - _xOBJETIVIDAD - _xHISTORIA - _ySIGLO XX _924815 |
|
| 905 | _aLibro | ||
| 999 |
_c180738 _d180738 |
||